Christian Denominations - Sudden Death! - Statistics

General Stats
  • This quiz has been taken 217 times
    140 since last reset
  • The average score is 6 of 16
Answers on the Grid
Answers color-coded by a green-red scale on the quiz's grid according to % correct below.
Anglo Paganism
Assyrian Church of the East
Atheism
Bektashi Order
Collydianism
Congregationalism
Eritrean Tewahedo Church
Evangelicals
Fundamental Baptists
Huguenots
Moravian Church
Nontheist Quakerism
Old Calendarists
Oneness Pentecostalism
Oriental Orthodoxy
Plymouth Brethren's
Presbyterian Deism
Religious Zionism
Roman Catholicism
Salvation Army
Scientology
Sedevacantism
Suniism
Three-Self Patriotic Movement
Unification Church
United Methodist Church
Wisconsin Lutheran Synod
 
Answer Stats
Answer % Correct
Evangelicals
72%
Roman Catholicism
67%
Fundamental Baptists
61%
Assyrian Church of the East
60%
United Methodist Church
57%
Oriental Orthodoxy
54%
Moravian Church
44%
Huguenots
37%
Congregationalism
34%
Eritrean Tewahedo Church
31%
Salvation Army
29%
Wisconsin Lutheran Synod
24%
Old Calendarists
16%
Sedevacantism
15%
Plymouth Brethren's
14%
Three-Self Patriotic Movement
7%
No matching quizzes found
Score Distribution
Percent of People with Each Score
Percentile by Number Answered
Your Score History
You have not taken this quiz since the last reset